Замогильні записки (Запис № 17765)

000 -Маркер запису
Контрольне поле сталої довжини 02446nam a22002657a 4500
003 - Належність контрольного номера
Контрольне поле Uzh_bibl
008 - Кодовані дані
Контрольне поле сталої довжини 260514b |||||||| |||| 00| 0 ukr d
020 ## - Індекс ISBN
ISBN 978-066-03-7019-7
Ціна 300.00
040 ## - Джерело каталогіз.
Код мови каталог. укр.
041 ## - Код мови видання
Код мови оригіналу французька
Код мови тексту українська
080 ## - Індекс УДК
Індекс УДК 821(44)
090 ## - Шифри
Поличний індекс 821(44)
Авторський знак Ш 20
100 ## - Автор
Автор Шатобріан,Франсуа Рене
245 ## - Назва
Назва Замогильні записки
Відповідальність пер. з фр.В. Верховень
Фізичний носій Текст
260 ## - Вихідні дані
Місце видання Харків
Видавництво Фоліо
Дата видання 2014
300 ## - Фізичний опис
Обсяг 794 с.
Тип одиниці В опр.
490 ## - Серія
Назва серії Серія"Бібліотека світової літератури"
520 ## - Анотація
Анотація Франсуа Рене де Шатобріан (1768—1848) — відомий французький письменник, «батько романтизму», державний діяч, що виступав проти Наполеона, давав поради Людовіку XVIII, відмовлявся від співпраці з іншим французьким королем — Луї-Філіпом (незважаючи на настійливі прохання) і виконував таємні доручення матері вигнаного спадкоємця престолу — герцогині Беррійської. «Замогильні записки», які Шатобріан дозволив опублікувати лише після своєї смерті, — за жанром звичайна автобіографія, та водночас це грандіозна історична хроніка, в якій ідеться про один з найбурхливіших періодів в історії Франції (Революція, Імперія, Реставрація, Сто днів, друга Реставрація, Липнева монархія), змальовано портрети Мірабо і Лафаєта, Талейрана і Наполеона, описано Ніагарський водоспад і швейцарські Альпи, Лондон 1794-го, Рим 1829-го і Париж 1830 року…
521 ## - Примітка про цільове призначення
Примітка про цільове призначення Для широкого кола читачів
546 ## - Примітка про мову
Примітка про мову укр.
650 ## - Тематичні рубрики
Основна рубрика Літературно-художне видання
653 ## - Ключові слова
Ключові слова Автобіографія
-- Історична хроніка
655 ## - Термін індексування — жанр/форма
Жанр/форма Зарубіжна класика
942 ## - ADDED ENTRY ELEMENTS (KOHA)
Джерело класифікації чи схема поличного розташування
Koha item type Книги
Фонди
Статус вилучення Статус втрати/відсутності Джерело класифікації чи схема поличного розташування Статус пошкодження Тип обігу (не для випозичання) Постійне розташування Поточне розташування Дата надходження Джерело надходження (постачальник) Інвентарний номер Total Checkouts Повний (примірниковий) шифр зберігання Штрих-код Date last seen Дата, для якої чинна ціна заміни Тип одиниці (рівень примірника)
          Бібліотека-філія № 1 для дітей Бібліотека-філія № 1 для дітей 23/04/2026 Подаровані 80917   821(44) 19378 14/05/2026 14/05/2026 Книги

Працює на АБІС Коха